Hungarian-Soviet connections in the literature and art after the Second World War (1945-1948)

Elmentve itt :
Bibliográfiai részletek
Szerző: Szabó József N.
Dokumentumtípus: Cikk
Megjelent: 2016
Sorozat:Chronica 12
Kulcsszavak:Szovjet-magyar kapcsolatok, Kultúrpolitika - Magyarország - 1945-1948, Politikai élet - Magyarország - 1945-1948
Tárgyszavak:
Online Access:http://acta.bibl.u-szeged.hu/48868
LEADER 00828nab a2200205 i 4500
001 acta48868
005 20251001153042.0
008 170710s2016 hu o 000 eng d
022 |a 1588 2039 
040 |a SZTE Egyetemi Kiadványok Repozitórium  |b hun 
041 |a eng 
100 1 |a Szabó József N. 
245 1 0 |a Hungarian-Soviet connections in the literature and art after the Second World War (1945-1948)  |h [elektronikus dokumentum] /  |c  Szabó József N. 
260 |c 2016 
300 |a 181-187 
490 0 |a Chronica  |v 12 
650 4 |a Bölcsészettudományok 
650 4 |a Történettudomány és régészet 
695 |a Szovjet-magyar kapcsolatok, Kultúrpolitika - Magyarország - 1945-1948, Politikai élet - Magyarország - 1945-1948 
856 4 0 |u http://acta.bibl.u-szeged.hu/48868/1/chronica_012_181-187.pdf  |z Dokumentum-elérés